| 000 | 00694nam a2200217Ia 4500 | ||
|---|---|---|---|
| 001 | 9295 | ||
| 003 | GE_BSU | ||
| 008 | 181216s||||||||xx |||||||||||||| ||und|| | ||
| 040 | _cGE_BSU | ||
| 080 | _a664.6/.7 | ||
| 100 | _aЛукьянов,В.В. | ||
| 245 | _aТехнология и оборудование макаронного производства. | ||
| 245 | _bУчебник. | ||
| 245 | _cРед. И.Н.Каринцева. | ||
| 260 | _aМ. | ||
| 260 | _bПищепромиздат. | ||
| 260 | _c1951. | ||
| 300 | _a481 стр.с илл. 27 см. | ||
| 653 | _aТехнология и оборудование макаронного производства. | ||
| 942 | _cBK | ||
| 999 |
_c42592 _d42592 |
||